Teorie efektivních trhů
Teória efektívnych trhov a definícia efektívneho trhu. Význam informácií v teórii efektívnych trhov. Formy informačnej efektívnosti. Efektívnosť trhu a význam akciových analýz. Predpoklady pre fungovanie teórie efektívnych trhov. Charakteristiky efektívneho trhu. Okamžitá, skoková reakcia na novú in...
Uložené v:
| Hlavný autor: | |
|---|---|
| Médium: | Kapitola |
| Jazyk: | Czech |
| Predmet: | |
| Tagy: |
Žiadne tagy, Buďte prvý, kto otaguje tento záznam!
|
MARC
| LEADER | 00000nla$a2200000$$$4500 | ||
|---|---|---|---|
| 001 | 0026574 | ||
| 005 | 20231121075928.5 | ||
| 041 | 0 | |a cze | |
| 044 | |a SK | ||
| 245 | 1 | 0 | |a Teorie efektivních trhů |c František Čámský |
| 520 | |a Teória efektívnych trhov a definícia efektívneho trhu. Význam informácií v teórii efektívnych trhov. Formy informačnej efektívnosti. Efektívnosť trhu a význam akciových analýz. Predpoklady pre fungovanie teórie efektívnych trhov. Charakteristiky efektívneho trhu. Okamžitá, skoková reakcia na novú informáciu. Náhodné zmeny v kurzoch. Dlhodobé výnosy investorov na efektívnom trhu. Obchodné stratégie na efektívnom trhu. | ||
| 610 | 2 | 0 | |a teória trhov efektívnych |
| 610 | 2 | 0 | |a pojmy |
| 610 | 2 | 0 | |a definície |
| 610 | 2 | 0 | |a informácie |
| 610 | 2 | 0 | |a efektívnosť investícií |
| 610 | 2 | 0 | |a kurz burzový |
| 610 | 2 | 0 | |a papiere cenné |
| 610 | 2 | 0 | |a výnosy |
| 610 | 2 | 0 | |a stratégia obchodná |
| 100 | 1 | |a Čámský, František | |